Diccionario latín jurídico: voces y locuciones latinas de aplicación jurídica actual. Explicadas. Ejemplificadas interrelacionadas

Αποθηκεύτηκε σε:
Λεπτομέρειες βιβλιογραφικής εγγραφής
Κύριοι συγγραφείς: Galetta de Rodríguez, Beatriz (Συγγραφέας), Washington Rodríguez, Agustín (Συγγραφέας)
Μορφή: Βιβλίο
Γλώσσα:Ισπανικά
Έκδοση: Buenos Aires García Alonso 2006
Έκδοση:1a. ed
Θέματα:
Ετικέτες: Προσθήκη ετικέτας
Δεν υπάρχουν, Καταχωρήστε ετικέτα πρώτοι!

MARC

LEADER 00000nam a2200000 a 4500
001 UCH0186
003 CL-VaPUC
005 20220511123532.0
008 090115e20060000AG |||||||||||||||||spa|d
999 |c 332547  |d 332545 
020 |a 987948844X 
040 |c Pontificia Universidad Católica de Valparaíso 
082 0 4 |a 340.03 GAL 2006  |2 21 
100 0 |a Galetta de Rodríguez, Beatriz  |e author  |9 534342 
245 1 0 |a Diccionario latín jurídico: voces y locuciones latinas de aplicación jurídica actual. Explicadas. Ejemplificadas interrelacionadas 
250 |a 1a. ed 
260 |a Buenos Aires  |b García Alonso  |c 2006 
300 |a 319 p 
500 |a Incluye Cd-Rom 
583 |a last modification  |c 20090115 00:00:00  |k Rodrigo Vera 
650 |a Latín jurídico  |x Diccionarios  |9 869067 
700 0 |a Washington Rodríguez, Agustín  |e author  |9 534343 
942 |c BK  |2 ddc 
945 |d 20090115 00:00:00  |a jtorresc 
952 |0 0  |1 0  |2 ddc  |4 0  |6 340_030000000000000_GAL_2006  |7 0  |8 F  |9 420345  |a BIBDER  |b BIBDER  |d 2019-11-22  |i 4512758  |l 1  |o 340.03 GAL 2006  |p 4512758  |r 2023-10-04  |s 2023-10-04  |w 2019-11-22  |y BK_F  |k DER